LIBRARY & INFORMATION CENTRE, KCAET, TAVANUR

ONLINE PUBLIC ACCESS CATALOGUE (OPAC)

Surveying in question & answer paper 1 (Record no. 16132)

MARC details
000 -LEADER
fixed length control field 00229nam a22000977a 4500
003 - CONTROL NUMBER IDENTIFIER
control field OSt
008 - FIXED-LENGTH DATA ELEMENTS--GENERAL INFORMATION
fixed length control field 191108b ||||| |||| 00| 0 eng d
100 ## - MAIN ENTRY--AUTHOR NAME
Personal name Shahane.
245 ## - TITLE STATEMENT
Title Surveying in question & answer paper 1
942 ## - ADDED ENTRY ELEMENTS (KOHA)
Koha item type Books
Holdings
Withdrawn status Lost status Damaged status Home library Current library Date acquired Cost, normal purchase price Accession Number Koha item type
Withdrawn   Damaged KAUAET KAUAET 08/11/2019 7.00 3037 Books
free website counter